| 000 | 00795nam a2200217 a 4500 | ||
|---|---|---|---|
| 003 | 0 | ||
| 005 | 20250307112716.0 | ||
| 008 | 090728s19uu xx 00 eng d | ||
| 050 |
_aPHS LB 1050.42 _b.P999 2009 |
||
| 100 | _aPyun, Han Byul. | ||
| 245 |
_aReading habits and academic performance of grade 11 student / _cHan Byul Pyun. |
||
| 260 |
_aLas PiƱas City, Philippines : _bSouthville International School and Colleges, _c2009. |
||
| 300 |
_a22 pages : _billustrations ; _c28 cm. |
||
| 504 | _aIncludes bibliographical references. | ||
| 650 |
_aReading habits _xStudents. |
||
| 650 |
_aReading comprehension _xAcademic achievement. |
||
| 650 |
_aStudy skills _xSecondary education. |
||
| 650 |
_aLiteracy _xAdolescents. |
||
| 650 |
_aAcademic achievement _xInfluences. |
||
| 942 |
_2lcc _cPASS |
||
| 999 |
_c98302 _d98302 |
||